[Event "Carlos Torre Wimbledon 17th"]
[Site "Yucatan"]
[Date "2004.12.17"]
[Round "1.2"]
[White "Delgado Ramirez, Neuris"]
[Black "Norgaard, Jesper"]
[Result "1-0"]
[WhiteElo "2554"]
[BlackElo "2435"]
[PlyCount "103"]
[EventDate "2004.12.13"]
[EventType "k.o."]
[EventRounds "4"]
[EventCountry "MEX"]
[SourceTitle "CBM 105"]
[Source "ChessBase"]
[SourceDate "2005.04.11"]
[SourceVersion "1"]
[SourceVersionDate "2005.04.11"]
[SourceQuality "1"]

1. e4 e5 2. Nf3 Nc6 3. Bb5 Nf6 4. Qe2 a6 5. Bxc6 dxc6 6. O-O Bd6 7. d3 c5 8.
Nc3 Nd7 9. Nd2 Nf8 10. Nc4 Ne6 11. Nd5 O-O 12. c3 Bd7 13. f4 exf4 14. Nxd6 cxd6
15. Nxf4 Re8 16. Qf3 f6 17. Qg3 Kh8 18. Nd5 Bc6 19. Bd2 c4 20. dxc4 Nc5 21. Be3
Nxe4 22. Qf3 Bxd5 23. cxd5 Qa5 24. Rfd1 Re7 25. Bd4 Rae8 26. h4 Qxd5 27. Bxf6
Qc5+ 28. Bd4 Qc6 29. Rf1 Kg8 30. Qg4 d5 31. Rf5 Qd7 32. Qf4 Ng3 33. Qxg3 Qxf5
34. Rf1 Qh5 35. Rf4 g6 36. Rg4 Re1+ 37. Kh2 R1e4 38. Qc7 R8e7 39. Qc8+ Kf7 40.
Rxe4 Rxe4 41. Qc7+ Re7 42. Qf4+ Qf5 43. Qd6 Rd7 44. Qb8 Qg4 45. Bf2 Qf5 46. Bc5
Kg7 47. Bd4+ Kh6 48. Qe8 Rf7 49. Kg3 Qd3+ 50. Kh2 Rf1 51. Qe7 Qe4 52. Qg5# 1-0

[Event "Carlos Torre Wimbledon 17th"]
[Site "Yucatan"]
[Date "2004.12.18"]
[Round "2.1"]
[White "Delgado Ramirez, Neuris"]
[Black "Milov, Vadim"]
[Result "1-0"]
[WhiteElo "2554"]
[BlackElo "2683"]
[PlyCount "113"]
[EventDate "2004.12.13"]
[EventType "k.o."]
[EventRounds "4"]
[EventCountry "MEX"]
[SourceTitle "CBM 105"]
[Source "ChessBase"]
[SourceDate "2005.04.11"]
[SourceVersion "1"]
[SourceVersionDate "2005.04.11"]
[SourceQuality "1"]

1. e4 c5 2. Nf3 e6 3. Nc3 a6 4. g3 b5 5. Bg2 Bb7 6. d3 d6 7. O-O Be7 8. e5 d5
9. h4 Nd7 10. Bf4 Nf8 11. Re1 h6 12. Qc1 Qd7 13. d4 c4 14. Ne2 Bd8 15. Bd2 a5
16. c3 Ne7 17. h5 Nf5 18. Bh3 g5 19. hxg6 fxg6 20. Bxf5 gxf5 21. Kg2 Be7 22.
Bxh6 O-O-O 23. Rh1 Ng6 24. Nf4 Rdg8 25. Nxg6 Rxg6 26. Qd2 Qd8 27. Bf4 Bc6 28.
Rxh8 Qxh8 29. Rh1 Qg8 30. Rh6 b4 31. Rxg6 Qxg6 32. Bg5 Bf8 33. Qd1 Qh7 34. Bd2
bxc3 35. bxc3 Be7 36. Bg5 Ba3 37. Bf6 a4 38. Ng5 Qg8 39. Qb1 Kc7 40. Bd8+ Kd7
41. Ba5 Be7 42. Qb6 Qc8 43. Nh7 Ke8 44. Bb4 Qb7 45. Qxb7 Bxb7 46. Bxe7 Kxe7 47.
a3 Bc8 48. Kh3 Kf7 49. Kh4 Kg6 50. Nf6 Bb7 51. Nh5 Bc8 52. Nf4+ Kh6 53. f3 Bd7
54. g4 fxg4 55. fxg4 Bc8 56. g5+ Kg7 57. Kh5 1-0

[Event "Carlos Torre Wimbledon 17th"]
[Site "Yucatan"]
[Date "2004.12.18"]
[Round "2.2"]
[White "Milov, Vadim"]
[Black "Delgado Ramirez, Neuris"]
[Result "1/2-1/2"]
[WhiteElo "2683"]
[BlackElo "2554"]
[PlyCount "92"]
[EventDate "2004.12.13"]
[EventType "k.o."]
[EventRounds "4"]
[EventCountry "MEX"]
[SourceTitle "CBM 105"]
[Source "ChessBase"]
[SourceDate "2005.04.11"]
[SourceVersion "1"]
[SourceVersionDate "2005.04.11"]
[SourceQuality "1"]

1. d4 Nf6 2. c4 e6 3. Nc3 Bb4 4. f3 d5 5. a3 Bxc3+ 6. bxc3 c6 7. e3 O-O 8. cxd5
cxd5 9. c4 dxc4 10. Bxc4 b5 11. Bd3 Nc6 12. Ne2 a6 13. O-O Bb7 14. Bb2 Rc8 15.
e4 Na5 16. Rc1 Qb6 17. Kh1 Rxc1 18. Qxc1 Rc8 19. Qg5 h6 20. Qg3 Qc7 21. Qh4 Qd8
22. Rd1 Ne8 23. Qf2 Nc4 24. Bc1 Qa5 25. Qg3 Qa4 26. Re1 Nxa3 27. Bxh6 Nc2 28.
Bxc2 Qxc2 29. d5 e5 30. h4 Kh7 31. Be3 Qd3 32. Ng1 Qc3 33. h5 Nf6 34. Nh3 Nxh5
35. Qh4 Kg8 36. Kh2 Nf6 37. Bg5 Nh7 38. Be7 Qd2 39. f4 Rc2 40. Rg1 Qd4 41. Bd6
Nf6 42. fxe5 Qxe4 43. Nf4 Nxd5 44. Qd8+ Kh7 45. Qh4+ Kg8 46. Qd8+ Kh7 1/2-1/2

[Event "Carlos Torre Wimbledon 17th"]
[Site "Yucatan"]
[Date "2004.12.19"]
[Round "3.1"]
[White "Delgado Ramirez, Neuris"]
[Black "Graf, Alexander"]
[Result "1/2-1/2"]
[WhiteElo "2554"]
[BlackElo "2646"]
[PlyCount "114"]
[EventDate "2004.12.13"]
[EventType "k.o."]
[EventRounds "4"]
[EventCountry "MEX"]
[SourceTitle "CBM 105"]
[Source "ChessBase"]
[SourceDate "2005.04.11"]
[SourceVersion "1"]
[SourceVersionDate "2005.04.11"]
[SourceQuality "1"]

1. e4 e5 2. Nf3 Nc6 3. Bb5 a6 4. Ba4 Nf6 5. Nc3 b5 6. Bb3 Be7 7. d3 d6 8. a3
O-O 9. Nd5 Nxd5 10. Bxd5 Bb7 11. Bd2 Qd7 12. O-O Nd8 13. Bxb7 Nxb7 14. Qe2 Nc5
15. Be3 Ne6 16. d4 exd4 17. Nxd4 Bf6 18. c3 Rfe8 19. Rad1 Rad8 20. Qc2 Nf8 21.
Rfe1 Ng6 22. Nf5 Ne5 23. f4 Nc4 24. Bd4 Qe6 25. Qf2 c5 26. Bxf6 Qxf6 27. g4 a5
28. h3 a4 29. Rd5 Qe6 30. Ng3 Nb6 31. Rd2 g6 32. Rde2 Nc4 33. Nf1 Qc8 34. Nh2
d5 35. exd5 Rxe2 36. Qxe2 Rxd5 37. Nf3 Kg7 38. Kf2 Qd8 39. g5 Qd7 40. Qe7 Qf5
41. Kg3 Rd3 42. Re2 Nb6 43. Re5 Rxf3+ 44. Kxf3 Qxh3+ 45. Kf2 Qh2+ 46. Kf3 Nd5
47. Qd6 Qxf4+ 48. Ke2 Qh2+ 49. Ke1 Qg1+ 50. Kd2 Qg2+ 51. Ke1 Qg3+ 52. Kd2 Qf4+
53. Ke2 Qg4+ 54. Ke1 Qg3+ 55. Kd2 Qf4+ 56. Ke2 Qg4+ 57. Kd2 Qf4+ 1/2-1/2

[Event "Carlos Torre Wimbledon 17th"]
[Site "Yucatan"]
[Date "2004.12.19"]
[Round "3.2"]
[White "Graf, Alexander"]
[Black "Delgado Ramirez, Neuris"]
[Result "1-0"]
[WhiteElo "2646"]
[BlackElo "2554"]
[PlyCount "85"]
[EventDate "2004.12.13"]
[EventType "k.o."]
[EventRounds "4"]
[EventCountry "MEX"]
[SourceTitle "CBM 105"]
[Source "ChessBase"]
[SourceDate "2005.04.11"]
[SourceVersion "1"]
[SourceVersionDate "2005.04.11"]
[SourceQuality "1"]

1. d4 Nf6 2. c4 e6 3. Nc3 Bb4 4. e3 Nc6 5. Nge2 d5 6. a3 Bd6 7. Ng3 a6 8. cxd5
exd5 9. Bd3 Ne7 10. Qc2 O-O 11. O-O Re8 12. Bd2 Ng6 13. Nce2 Bd7 14. Bb4 Bb5
15. Bxd6 Qxd6 16. Rac1 c6 17. Nc3 Bxd3 18. Qxd3 Ng4 19. Qf5 Nh6 20. Qh5 Qe6 21.
Na4 f5 22. Nc5 Qf7 23. Ne2 Re7 24. Qg5 Rf8 25. b4 Qe8 26. a4 Rf6 27. g3 Nh8 28.
b5 N8f7 29. Qf4 g5 30. Qf3 axb5 31. axb5 Kg7 32. bxc6 bxc6 33. Rb1 Nd6 34. Rb2
Nc4 35. Ra2 Qg6 36. Rfa1 Rff7 37. h4 Ng4 38. hxg5 Qh5 39. Nf4 Qh2+ 40. Kf1 h6
41. Nce6+ Rxe6 42. Nxe6+ Kg6 43. Ke2 1-0

[Event "MEX-ch"]
[Site "Guadalajara"]
[Date "2005.??.??"]
[Round "2"]
[White "Medina, Jaime"]
[Black "Delgado Ramirez, Neuris"]
[Result "0-1"]
[WhiteElo "2155"]
[BlackElo "2556"]
[PlyCount "98"]
[EventDate "2005.03.22"]
[EventType "swiss"]
[EventRounds "9"]
[EventCountry "MEX"]
[SourceTitle "EXT 2006"]
[Source "ChessBase"]
[SourceDate "2005.11.24"]
[SourceVersion "1"]
[SourceVersionDate "2005.11.24"]
[SourceQuality "1"]

1. e4 c5 2. Nf3 d6 3. d4 cxd4 4. Nxd4 Nf6 5. Nc3 a6 6. Be3 e5 7. Nf3 Qc7 8. Be2
Be7 9. O-O O-O 10. Nd2 Be6 11. Rc1 Nbd7 12. Kh1 b5 13. a3 Nb6 14. f4 Rad8 15.
f5 Bc8 16. Qe1 Bb7 17. Qf2 Nfd7 18. Qg3 Kh8 19. Rfe1 Rc8 20. Bd3 Qd8 21. Bf2
Nc5 22. Rcd1 Nba4 23. Nxa4 Nxa4 24. Rb1 Nc5 25. Rbd1 Bg5 26. Nf1 Qe7 27. Qh3
Rfd8 28. Bxc5 dxc5 29. c4 Bh4 30. Ng3 Bxg3 31. Qxg3 Bc6 32. cxb5 axb5 33. Bc2
f6 34. Qg4 c4 35. Rxd8+ Rxd8 36. Rd1 Rd4 37. h3 Qd7 38. Kh2 Rxd1 39. Bxd1 Qd4
40. Qe2 Bxe4 41. Qh5 Qd7 42. Bg4 Bc6 43. Be2 Qd5 44. Bf3 e4 45. Be2 Qe5+ 46.
Kh1 Kg8 47. a4 Qxb2 48. axb5 Qb1+ 49. Kh2 Qxb5 0-1

[Event "MEX-ch"]
[Site "Guadalajara"]
[Date "2005.??.??"]
[Round "3"]
[White "Delgado Ramirez, Neuris"]
[Black "Villegas Corona, Rafael"]
[Result "1-0"]
[WhiteElo "2556"]
[BlackElo "2230"]
[PlyCount "163"]
[EventDate "2005.03.22"]
[EventType "swiss"]
[EventRounds "9"]
[EventCountry "MEX"]
[SourceTitle "EXT 2006"]
[Source "ChessBase"]
[SourceDate "2005.11.24"]
[SourceVersion "1"]
[SourceVersionDate "2005.11.24"]
[SourceQuality "1"]

1. e4 c5 2. Nf3 d6 3. c3 Nf6 4. Be2 g6 5. O-O Bg7 6. Re1 O-O 7. Bf1 Nc6 8. h3
e5 9. d3 d5 10. Nbd2 d4 11. Nc4 Ne8 12. cxd4 cxd4 13. a4 Rb8 14. b4 b5 15. axb5
Rxb5 16. Qa4 a6 17. Bd2 Qe7 18. Rec1 Bd7 19. Qxa6 Nc7 20. Qa3 Rfb8 21. Rab1 Bf8
22. Rc2 Ne6 23. Qc1 Qf6 24. Na3 Nxb4 25. Nxb5 Nxc2 26. Qxc2 Rxb5 27. Rxb5 Bxb5
28. Qc8 Kg7 29. Qb8 Ba4 30. Nxe5 h5 31. Nf3 Bd1 32. Ne5 Qd8 33. Qb1 Ba4 34. Qa1
Be8 35. Nf3 Bc5 36. h4 Qb6 37. g3 Bb5 38. Qc1 Qa6 39. Ng5 Be7 40. Nxe6+ Qxe6
41. Qb2 Qb6 42. Bf4 Bc5 43. e5 Ba6 44. Qc1 Be7 45. Bg5 Qe6 46. Qf4 f6 47. exf6+
Bxf6 48. Qc7+ Kh8 49. Kh2 Bg7 50. Qa7 Bc8 51. Bg2 Qf5 52. Qa8 Kh7 53. Bf4 Qc5
54. Be4 Bf5 55. Bxf5 Qxf5 56. Qe4 Qc5 57. Kg2 Qb5 58. Bg5 Qa5 59. Be7 Qb5 60.
Bd6 Qa5 61. Qb7 Qf5 62. Bb4 Qf6 63. Qe4 Qb6 64. Be1 Qb5 65. f3 Qb6 66. Bf2 Qf6
67. g4 hxg4 68. fxg4 Kg8 69. g5 Qb6 70. Kf3 Qd6 71. Bg3 Qa6 72. Bf4 Bh8 73. h5
gxh5 74. Qe8+ Kh7 75. Qxh5+ Kg8 76. Qe8+ Kh7 77. Ke4 Qb7+ 78. Kf5 Qd5+ 79. Kg4
Qg2+ 80. Bg3 Bg7 81. Qe6 Qf1 82. g6+ 1-0

[Event "MEX-ch"]
[Site "Guadalajara"]
[Date "2005.??.??"]
[Round "4"]
[White "Almeida Saenz, Alfonso"]
[Black "Delgado Ramirez, Neuris"]
[Result "0-1"]
[WhiteElo "2380"]
[BlackElo "2556"]
[PlyCount "82"]
[EventDate "2005.03.22"]
[EventType "swiss"]
[EventRounds "9"]
[EventCountry "MEX"]
[SourceTitle "EXT 2006"]
[Source "ChessBase"]
[SourceDate "2005.11.24"]
[SourceVersion "1"]
[SourceVersionDate "2005.11.24"]
[SourceQuality "1"]

1. d4 Nf6 2. c4 e6 3. Nf3 Bb4+ 4. Bd2 c5 5. Bxb4 cxb4 6. Nbd2 O-O 7. e4 d6 8.
Qc2 Nc6 9. d5 Nb8 10. Bd3 Na6 11. O-O e5 12. Rfc1 b6 13. a3 bxa3 14. Rxa3 Nb4
15. Qc3 a5 16. Ne1 Nh5 17. Nc2 Nxd3 18. Qxd3 Nf4 19. Qf1 f5 20. Rg3 Ra7 21. Ne3
Nh5 22. Rf3 f4 23. Nd1 g5 24. Rb3 g4 25. f3 a4 26. Ra3 Rg7 27. fxg4 Bxg4 28.
Nf2 Bd7 29. Nf3 Kh8 30. b3 Qc7 31. c5 bxc5 32. bxa4 Rfg8 33. a5 Qb8 34. Nh4 Qb4
35. Rcc3 Bb5 36. Qa1 Ba6 37. Rcb3 Qc4 38. Rb6 Nf6 39. Rxd6 Nxe4 40. Nxe4 Qxe4
41. Rxa6 Rxg2+ 0-1

[Event "MEX-ch"]
[Site "Guadalajara"]
[Date "2005.??.??"]
[Round "5"]
[White "Delgado Ramirez, Neuris"]
[Black "Hernandez Carmenates, Holden"]
[Result "0-1"]
[WhiteElo "2556"]
[BlackElo "2443"]
[PlyCount "80"]
[EventDate "2005.03.22"]
[EventType "swiss"]
[EventRounds "9"]
[EventCountry "MEX"]
[SourceTitle "EXT 2006"]
[Source "ChessBase"]
[SourceDate "2005.11.24"]
[SourceVersion "1"]
[SourceVersionDate "2005.11.24"]
[SourceQuality "1"]

1. Nf3 Nf6 2. g3 b5 3. Bg2 Bb7 4. O-O e6 5. c3 Be7 6. d3 d5 7. Nbd2 O-O 8. a4
b4 9. cxb4 Bxb4 10. Nb3 c5 11. Bd2 Bxd2 12. Qxd2 Na6 13. Rfc1 Qb6 14. Ra3 Rab8
15. a5 Qd6 16. Qf4 Qxf4 17. gxf4 Nd7 18. Ne5 Nxe5 19. fxe5 Rfc8 20. Nd2 Bc6 21.
Rb3 Ba4 22. Ra3 Rxb2 23. Nc4 Rb4 24. Nd6 Rcb8 25. e3 Rb1 26. Ra1 Rxa1 27. Rxa1
Bc2 28. Bf1 Kf8 29. Ra3 Ke7 30. Rc3 Ba4 31. d4 c4 32. e4 Rb3 33. Rc1 Nb4 34.
exd5 exd5 35. Nf5+ Kd7 36. Ne3 c3 37. Bh3+ Kc6 38. Bf5 Na2 39. Ra1 Rb2 40. Bb1
Nb4 0-1

[Event "MEX-ch"]
[Site "Guadalajara"]
[Date "2005.??.??"]
[Round "8"]
[White "Dominguez Aguilar, Guillermo"]
[Black "Delgado Ramirez, Neuris"]
[Result "0-1"]
[WhiteElo "2339"]
[BlackElo "2556"]
[PlyCount "98"]
[EventDate "2005.03.22"]
[EventType "swiss"]
[EventRounds "9"]
[EventCountry "MEX"]
[SourceTitle "EXT 2006"]
[Source "ChessBase"]
[SourceDate "2005.11.24"]
[SourceVersion "1"]
[SourceVersionDate "2005.11.24"]
[SourceQuality "1"]

1. e4 c5 2. Nf3 d6 3. d4 cxd4 4. Nxd4 Nf6 5. Nc3 a6 6. Be3 e5 7. Nb3 Be7 8. f3
O-O 9. Qd2 Be6 10. O-O-O Qc7 11. g4 Nbd7 12. Kb1 Nb6 13. g5 Nh5 14. Rg1 Nc4 15.
Bxc4 Bxc4 16. Nd5 Bxd5 17. Qxd5 Rac8 18. Rg2 g6 19. Nc1 Qc6 20. Qb3 b5 21. Ne2
Qc4 22. Qxc4 Rxc4 23. b3 Rc6 24. f4 Rfc8 25. fxe5 dxe5 26. Nc1 Nf4 27. Bxf4
exf4 28. Rf1 f6 29. gxf6 Rxf6 30. Nd3 f3 31. Rgf2 Rcf8 32. Ne5 Re6 33. Nd3 Rxe4
34. Rxf3 Rxf3 35. Rxf3 g5 36. h3 h5 37. c3 Kg7 38. b4 Kg6 39. Kc2 Bd6 40. Nf2
Re2+ 41. Kb3 Bf4 42. a4 Kf5 43. axb5 axb5 44. c4 Re3+ 45. Rxe3 Bxe3 46. Nd1 Bg1
47. Nc3 g4 48. Ne2 gxh3 49. Nxg1 h2 0-1

[Event "MEX-ch"]
[Site "Guadalajara"]
[Date "2005.??.??"]
[Round "9"]
[White "Delgado Ramirez, Neuris"]
[Black "Hernandez, Gilberto"]
[Result "1-0"]
[WhiteElo "2556"]
[BlackElo "2357"]
[PlyCount "90"]
[EventDate "2005.03.22"]
[EventType "swiss"]
[EventRounds "9"]
[EventCountry "MEX"]
[SourceTitle "EXT 2006"]
[Source "ChessBase"]
[SourceDate "2005.11.24"]
[SourceVersion "1"]
[SourceVersionDate "2005.11.24"]
[SourceQuality "1"]

1. e4 c5 2. Nc3 Nc6 3. Bb5 e6 4. Bxc6 bxc6 5. Nf3 d5 6. O-O Nf6 7. Re1 Be7 8.
e5 Nd7 9. d3 O-O 10. Bf4 Re8 11. Qd2 Nf8 12. Na4 Rb8 13. c4 Rb4 14. b3 Ba6 15.
Qc2 Rb7 16. Be3 Nd7 17. Rac1 Qb8 18. Bf4 Qd8 19. Be3 Qb8 20. Qd2 Qc7 21. Bg5
Bf8 22. h4 f6 23. Bf4 Qd8 24. Qe3 f5 25. h5 Qe7 26. h6 d4 27. Qd2 Nb6 28. Bg5
Qf7 29. hxg7 Qxg7 30. Bf6 Qf7 31. Ng5 Qd7 32. Nb2 h6 33. Nh3 Rc7 34. Nf4 Qf7
35. Qa5 Bc8 36. Na4 Nxa4 37. Qxa4 Bd7 38. g3 Be7 39. Bxe7 Qxe7 40. Kg2 Kf7 41.
Rh1 Rh8 42. Rh4 Be8 43. Qa5 Rb7 44. Rch1 Kg7 45. Qxc5 Qd8 1-0

[Event "CUB-ch GpA"]
[Site "Santa Clara"]
[Date "2005.04.07"]
[Round "1"]
[White "Delgado Ramirez, Neuris"]
[Black "Quesada Perez, Yuniesky"]
[Result "1/2-1/2"]
[WhiteElo "2567"]
[BlackElo "2502"]
[PlyCount "109"]
[EventDate "2005.04.07"]
[EventType "tourn"]
[EventRounds "9"]
[EventCountry "CUB"]
[EventCategory "8"]
[SourceTitle "CBM 105 Extra"]
[Source "ChessBase"]
[SourceDate "2005.05.01"]
[SourceVersion "1"]
[SourceVersionDate "2005.05.01"]
[SourceQuality "1"]

1. e4 c5 2. c3 Nf6 3. e5 Nd5 4. Nf3 e6 5. d4 cxd4 6. cxd4 d6 7. Bc4 Nb6 8. Bb3
dxe5 9. Nxe5 Nc6 10. Nf3 Be7 11. Nc3 O-O 12. O-O Bf6 13. Be3 Nd5 14. Ne4 Be7
15. Rc1 Bd7 16. Nc5 Bc8 17. a3 Na5 18. Ba2 b6 19. Nd3 Bb7 20. Nfe5 Rc8 21. Rxc8
Qxc8 22. Qa4 Qe8 23. Qxe8 Rxe8 24. b4 Nc6 25. Bxd5 exd5 26. Rc1 Nxe5 27. Nxe5
Bd6 28. b5 f6 29. Nc6 Bxa3 30. Ra1 Bd6 31. Rxa7 Bxc6 32. bxc6 Rc8 33. g3 Rxc6
34. Rd7 b5 35. Rb7 b4 36. Rb5 Rc8 37. Rb6 Be7 38. Kf1 Rc2 39. Ke1 Kf7 40. Kd1
Rc4 41. Kd2 h5 42. Kd3 Rc3+ 43. Ke2 g5 44. Rb5 Ke6 45. Rb6+ Kd7 46. Bd2 Rc4 47.
Rb7+ Rc7 48. Rb6 Rc4 49. Rb7+ Ke6 50. Kd3 Bd6 51. h3 Be7 52. Rb6+ Kd7 53. Rb7+
Ke6 54. Rb6+ Kd7 55. Rb7+ 1/2-1/2

[Event "CUB-ch GpA"]
[Site "Santa Clara"]
[Date "2005.04.08"]
[Round "2"]
[White "Borges Matos, Juan R"]
[Black "Delgado Ramirez, Neuris"]
[Result "1/2-1/2"]
[WhiteElo "2484"]
[BlackElo "2567"]
[PlyCount "41"]
[EventDate "2005.04.07"]
[EventType "tourn"]
[EventRounds "9"]
[EventCountry "CUB"]
[EventCategory "8"]
[SourceTitle "CBM 105 Extra"]
[Source "ChessBase"]
[SourceDate "2005.05.01"]
[SourceVersion "1"]
[SourceVersionDate "2005.05.01"]
[SourceQuality "1"]

1. Nf3 Nf6 2. c4 e6 3. g3 d5 4. Bg2 Be7 5. O-O O-O 6. d4 dxc4 7. Qc2 a6 8. a4
Bd7 9. Ne5 Bc6 10. Nxc6 Nxc6 11. Bxc6 bxc6 12. Rd1 Qd5 13. Nd2 c5 14. dxc5 Rfd8
15. Rf1 Qxc5 16. Nxc4 Nd5 17. b3 Nb4 18. Qe4 Bf6 19. Rb1 Qd5 20. Qg2 Qh5 21.
Bd2 1/2-1/2

[Event "CUB-ch GpA"]
[Site "Santa Clara"]
[Date "2005.04.09"]
[Round "3"]
[White "Delgado Ramirez, Neuris"]
[Black "Almeida Quintana, Omar"]
[Result "1/2-1/2"]
[WhiteElo "2567"]
[BlackElo "2452"]
[PlyCount "99"]
[EventDate "2005.04.07"]
[EventType "tourn"]
[EventRounds "9"]
[EventCountry "CUB"]
[EventCategory "8"]
[SourceTitle "CBM 105 Extra"]
[Source "ChessBase"]
[SourceDate "2005.05.01"]
[SourceVersion "1"]
[SourceVersionDate "2005.05.01"]
[SourceQuality "1"]

1. e4 Nf6 2. Nc3 e5 3. Nf3 Nc6 4. Bb5 Bb4 5. O-O Bxc3 6. bxc3 O-O 7. Re1 d6 8.
h3 Ne7 9. d4 Ng6 10. dxe5 dxe5 11. Ba3 c6 12. Bxf8 Qxf8 13. Bc4 h6 14. Qd2 Qe7
15. Rad1 Be6 16. Bxe6 Qxe6 17. Qd6 Qxa2 18. Qc7 Qb2 19. Rb1 Qxc3 20. Qxb7 Re8
21. Qb3 Qc5 22. Rb2 a5 23. Qb6 Nd7 24. Qxc5 Nxc5 25. Rb6 Rc8 26. Nd2 Nf8 27.
Re3 f6 28. Rc3 Nfd7 29. Rb1 a4 30. f3 Kf8 31. Rb4 Ra8 32. Nc4 Ke7 33. Kf2 Kd8
34. Ke3 Kc7 35. Kd2 g5 36. Kc1 h5 37. Ne3 h4 38. Rbc4 Ra5 39. Rb4 Ra8 40. Kb2
Ra7 41. Ka3 Ra8 42. Nc4 Ra5 43. Ne3 Ra8 44. Nc4 Na6 45. Rxa4 Ndc5 46. Na5 Kb6
47. Nc4+ Kc7 48. Ra5 Nb7 49. Ra4 Nbc5 50. Ra5 1/2-1/2

[Event "CUB-ch GpA"]
[Site "Santa Clara"]
[Date "2005.04.10"]
[Round "4"]
[White "Delgado Ramirez, Neuris"]
[Black "De la Paz Perdomo, Frank"]
[Result "1/2-1/2"]
[WhiteElo "2567"]
[BlackElo "2461"]
[PlyCount "82"]
[EventDate "2005.04.07"]
[EventType "tourn"]
[EventRounds "9"]
[EventCountry "CUB"]
[EventCategory "8"]
[SourceTitle "CBM 105 Extra"]
[Source "ChessBase"]
[SourceDate "2005.05.01"]
[SourceVersion "1"]
[SourceVersionDate "2005.05.01"]
[SourceQuality "1"]

1. d4 Nf6 2. Bg5 e6 3. e4 h6 4. Bxf6 Qxf6 5. Nc3 Bb4 6. Nge2 Nc6 7. Qd3 e5 8.
O-O-O Bxc3 9. Qxc3 exd4 10. Nxd4 Nxd4 11. Qxd4 Qxd4 12. Rxd4 d6 13. Rb4 Ke7 14.
Bc4 a5 15. Rb3 a4 16. Rc3 Ra5 17. h4 Rc5 18. Kd2 Bd7 19. b4 axb3 20. axb3 Ra8
21. Rc1 Be6 22. Bd3 Rxc3 23. Kxc3 Ra5 24. f4 g6 25. g3 Kf6 26. Kd4 h5 27. Kc3
Ra2 28. Rf1 Ra5 29. Kb2 Bh3 30. Re1 Be6 31. Re3 d5 32. exd5 Rxd5 33. Be4 Rb5
34. Ka3 Bf5 35. c4 Ra5+ 36. Kb4 b6 37. Bxf5 Rxf5 38. Re8 Rc5 39. Kc3 Rc6 40.
Kb4 Rc5 41. Kc3 Rc6 1/2-1/2

[Event "CUB-ch GpA"]
[Site "Santa Clara"]
[Date "2005.04.11"]
[Round "5"]
[White "Martinez Duany, Lelys Stanley"]
[Black "Delgado Ramirez, Neuris"]
[Result "0-1"]
[WhiteElo "2377"]
[BlackElo "2567"]
[PlyCount "82"]
[EventDate "2005.04.07"]
[EventType "tourn"]
[EventRounds "9"]
[EventCountry "CUB"]
[EventCategory "8"]
[SourceTitle "CBM 105 Extra"]
[Source "ChessBase"]
[SourceDate "2005.05.01"]
[SourceVersion "1"]
[SourceVersionDate "2005.05.01"]
[SourceQuality "1"]

1. e4 c5 2. Nf3 d6 3. d4 cxd4 4. Nxd4 Nf6 5. Nc3 a6 6. Be3 e5 7. Nb3 Be7 8. f3
O-O 9. Qd2 Be6 10. O-O-O Qc7 11. g4 Nbd7 12. g5 Nh5 13. Nd5 Bxd5 14. exd5 a5
15. Kb1 a4 16. Nc1 a3 17. b3 Rfe8 18. Bb5 Rec8 19. c4 f5 20. f4 exf4 21. Bd4
Bxg5 22. Qe2 Ndf6 23. Rhg1 Bh6 24. Qe6+ Kh8 25. Rd3 Rf8 26. Rh3 Qf7 27. Qxd6 f3
28. Nd3 Rad8 29. Qb6 f2 30. Bxf2 Nf4 31. Ne5 Qe7 32. Re1 Ne4 33. Bd4 Rd6 34.
Rxh6 Rxb6 35. Rxb6 Qb4 36. Rg1 Qd2 37. Rxb7 h5 38. Ng6+ Nxg6 39. Bxg7+ Kg8 40.
Be5 Nc3+ 41. Bxc3 Qd3+ 0-1

[Event "CUB-ch GpA"]
[Site "Santa Clara"]
[Date "2005.04.12"]
[Round "6"]
[White "Delgado Ramirez, Neuris"]
[Black "Sieiro Gonzalez, Luis"]
[Result "1-0"]
[WhiteElo "2567"]
[BlackElo "2395"]
[PlyCount "53"]
[EventDate "2005.04.07"]
[EventType "tourn"]
[EventRounds "9"]
[EventCountry "CUB"]
[EventCategory "8"]
[SourceTitle "CBM 105 Extra"]
[Source "ChessBase"]
[SourceDate "2005.05.01"]
[SourceVersion "1"]
[SourceVersionDate "2005.05.01"]
[SourceQuality "1"]

1. e4 e6 2. Qe2 c5 3. g3 Nc6 4. Bg2 g6 5. c3 Bg7 6. f4 d6 7. Nf3 Nge7 8. O-O
O-O 9. Kh1 e5 10. d3 h6 11. Na3 Be6 12. Be3 b6 13. Nh4 f5 14. Nxg6 Nxg6 15.
exf5 Bxf5 16. Bxc6 Rc8 17. Bd5+ Kh8 18. g4 Ne7 19. Bg2 exf4 20. Bxf4 Bh7 21.
Qd2 Ng8 22. Nb5 Be5 23. Bxe5+ dxe5 24. Nxa7 Rc7 25. Nb5 Rd7 26. Qe3 Nf6 27.
Qxh6 1-0

[Event "CUB-ch GpA"]
[Site "Santa Clara"]
[Date "2005.04.13"]
[Round "7"]
[White "Mena Crespo, Carlos E"]
[Black "Delgado Ramirez, Neuris"]
[Result "1-0"]
[WhiteElo "2396"]
[BlackElo "2567"]
[PlyCount "163"]
[EventDate "2005.04.07"]
[EventType "tourn"]
[EventRounds "9"]
[EventCountry "CUB"]
[EventCategory "8"]
[SourceTitle "CBM 105 Extra"]
[Source "ChessBase"]
[SourceDate "2005.05.01"]
[SourceVersion "1"]
[SourceVersionDate "2005.05.01"]
[SourceQuality "1"]

1. Nf3 Nf6 2. c4 e6 3. g3 a6 4. Bg2 b5 5. b3 c5 6. O-O Bb7 7. Bb2 Be7 8. d3 d5
9. cxd5 Bxd5 10. Nbd2 O-O 11. Rc1 Qb6 12. Rc2 Bb7 13. Qa1 Nc6 14. a3 a5 15. a4
Nb4 16. Rcc1 Bc6 17. Ne5 Bxg2 18. Kxg2 Rfc8 19. axb5 Qxb5 20. Qa4 Qb7+ 21. Kg1
Nfd5 22. Nec4 Rd8 23. Qa1 f6 24. Ne4 e5 25. Ncd2 Qb6 26. Nc3 Qe6 27. Nxd5 Rxd5
28. Rfd1 Nc6 29. Qa4 Nd4 30. Bxd4 Rxd4 31. Rc4 Kf8 32. Rdc1 Qg4 33. Nf3 Rxc4
34. Rxc4 Qe6 35. Qb5 f5 36. Ra4 Rd8 37. Qc4 Qxc4 38. Rxc4 Bd6 39. Ra4 Bc7 40.
Kf1 Ke7 41. g4 e4 42. Ne1 exd3 43. Nxd3 Rd5 44. h3 fxg4 45. hxg4 g6 46. Kg2 h5
47. Kh3 Kf6 48. f3 hxg4+ 49. Rxg4 Bd6 50. Ra4 Bc7 51. Kg2 Rh5 52. Kf2 Bb6 53.
Ke1 Rh8 54. Rc4 Rc8 55. Kd2 g5 56. Kc3 Re8 57. Kd2 Rc8 58. Re4 Bc7 59. Kc3 Bd6
60. Kc4 Be7 61. Kb5 Rb8+ 62. Ka4 Bd6 63. Rc4 Re8 64. e4 Rc8 65. Kxa5 Ke6 66.
Rc3 Kd7 67. Kb5 Rb8+ 68. Kc4 Kc6 69. Rc2 Rf8 70. Rf2 Bg3 71. Rf1 Bd6 72. Rg1
Rxf3 73. Rxg5 Rf1 74. e5 Be7 75. Rg6+ Kc7 76. Re6 Kd7 77. Ra6 Rb1 78. Ra7+ Kd8
79. Nf4 Rd1 80. Ng6 Bg5 81. e6 Re1 82. e7+ 1-0